| Tag |
First Indicator |
Second Indicator |
Subfields |
| LEADER |
00000cam a2200000 4500 |
| 001 |
in00000037923 |
| 005 |
20151007080720.0 |
| 008 |
741118s1940 eng u |
| 010 |
|
|
|a 40008883
|
| 035 |
|
|
|a (OCoLC)01078438
|
| 035 |
|
|
|9 AAF5260AM
|
| 040 |
|
|
|c OUN
|d OCL
|d TXA
|d UtOrBLW
|
| 049 |
|
|
|a TXAM
|c [140849]
|
| 050 |
|
0 |
|a DS113
|b .R65 1940
|
| 092 |
|
|
|a 296
|b R845j
|
| 100 |
1 |
|
|a Roth, Cecil,
|d 1899-1970.
|
| 245 |
1 |
4 |
|a The Jewish contribution to civilization.
|
| 264 |
|
1 |
|a New York,
|a London :
|b Harper & Brothers,
|c [1940]
|
| 264 |
|
4 |
|c [©1940]
|
| 300 |
|
|
|a xvii, 420 pages ;
|c 21 cm.
|
| 336 |
|
|
|a text
|b txt
|2 rdacontent
|
| 337 |
|
|
|a unmediated
|b n
|2 rdamedia
|
| 338 |
|
|
|a volume
|b nc
|2 rdacarrier
|
| 504 |
|
|
|a Bibliography: pages 369-379.
|
| 650 |
2 |
0 |
|a Jews
|x Civilization.
|
| 999 |
|
|
|a MARS
|
| 999 |
f |
f |
|s fcc4604f-c4dc-3a0c-8c8d-bd12a8856f42
|i e72eea65-8afe-3b22-97f8-69eb7a85208a
|t 0
|
| 952 |
f |
f |
|p ric
|a Texas A&M University
|b Rellis Campus
|c Joint Library Facility
|d Remote Storage
|t 0
|e DS113 .R65 1940
|h Library of Congress classification
|i unmediated -- volume
|m A14800630161
|
| 998 |
f |
f |
|a DS113 .R65 1940
|t 0
|l Remote Storage
|